Cómo diseñar planes de negocios : (Registro nro. 6508)
[ vista simple ]
| 000 -LEADER | |
|---|---|
| fixed length control field | 01305nam a22002297a 4500 |
| 003 - CONTROL NUMBER IDENTIFIER | |
| control field | OSt |
| 005 - DATE AND TIME OF LATEST TRANSACTION | |
| control field | 20200213085055.0 |
| 008 - FIXED-LENGTH DATA ELEMENTS--GENERAL INFORMATION | |
| fixed length control field | 200213s2012 sp a||||r|||| 00| 0 spa d |
| 020 ## - INTERNATIONAL STANDARD BOOK NUMBER | |
| International Standard Book Number | 9788415504696 |
| 040 ## - CATALOGING SOURCE | |
| Original cataloging agency | CO-JMCR |
| Transcribing agency | CO-JMCR |
| 082 04 - DEWEY DECIMAL CLASSIFICATION NUMBER | |
| Classification number | 658.1 / |
| Item number | M971c |
| 100 1# - MAIN ENTRY--PERSONAL NAME | |
| Personal name | Muñiz, Luis |
| Relator term | autor |
| 9 (RLIN) | 434 |
| 245 ## - TITLE STATEMENT | |
| Title | Cómo diseñar planes de negocios : |
| Remainder of title | Software con casos prácticos |
| Statement of responsibility, etc. | Luis Muñiz |
| 300 ## - PHYSICAL DESCRIPTION | |
| Extent | 126 páginas : |
| Other physical details | ilustraciones a blanco y negro ; |
| Dimensions | 21 cm. |
| 490 ## - SERIES STATEMENT | |
| Series statement | Colección: MBA práctico |
| 505 ## - FORMATTED CONTENTS NOTE | |
| Formatted contents note | Conceptos previos de un plan de negocios y estudios de viabilidad -- Elementos principales para la utilización del programa -- Instalación y descripción del programa -- Caso practico 1: estudio de viabilidad en una empresa en funcionamiento |
| 520 ## - SUMMARY, ETC. | |
| Summary, etc. | Un completo detalle de 24 pasos que sirven de guía en el proceso de formulación e implementación de estrategias de negocio. Explicados en forma clara y sencilla para su adecuada ejecución, estos pasos combinan la razón e intuición necesaria para el correcto análisis de los datos que permitan alcanzar una perfecta interpretación de las oportunidades |
| 650 14 - SUBJECT ADDED ENTRY--TOPICAL TERM | |
| Topical term or geographic name entry element | Negocios |
| General subdivision | planificación |
| 9 (RLIN) | 532 |
| 650 14 - SUBJECT ADDED ENTRY--TOPICAL TERM | |
| Topical term or geographic name entry element | Empresas |
| General subdivision | planificación |
| 9 (RLIN) | 533 |
| 650 14 - SUBJECT ADDED ENTRY--TOPICAL TERM | |
| Topical term or geographic name entry element | Planificación |
| General subdivision | estratégica |
| 9 (RLIN) | 534 |
| 942 ## - ADDED ENTRY ELEMENTS (KOHA) | |
| Source of classification or shelving scheme | Dewey Decimal Classification |
| Koha item type | Books |
| Withdrawn status | Lost status | Source of classification or shelving scheme | Damaged status | Not for loan | Home library | Current library | Shelving location | Date acquired | Source of acquisition | Cost, normal purchase price | Total Checkouts | Full call number | Barcode | Date last seen | Date last checked out | Copy number | Price effective from | Koha item type |
|---|---|---|---|---|---|---|---|---|---|---|---|---|---|---|---|---|---|---|
| Dewey Decimal Classification | Biblioteca Pública José María del Castillo y Rada | Biblioteca Pública José María del Castillo y Rada | Processing Center | 12/19/2019 | Donación | 0.00 | 1 | 658.1 / M971c | 201809641 | 05/16/2024 | 09/29/2023 | Ej.1 | 02/13/2020 | Books |